Communication Skills and Strategies (Record no. 1370)

000 -LEADER
fixed length control field 00661nam a22002057a 4500
005 - DATE AND TIME OF LATEST TRANSACTION
control field 20210426081950.0
008 - FIXED-LENGTH DATA ELEMENTS--GENERAL INFORMATION
fixed length control field 210215s1994 ||||| |||| 00| 0 eng d
020 ## - INTERNATIONAL STANDARD BOOK NUMBER
International Standard Book Number 0538835206
040 ## - CATALOGING SOURCE
Original cataloging agency eng
Transcribing agency DLC
041 ## - LANGUAGE CODE
Language code of text/sound track or separate title eng
080 ## - UNIVERSAL DECIMAL CLASSIFICATION NUMBER
Universal Decimal Classification number 005
Item number D-53
100 ## - MAIN ENTRY--PERSONAL NAME
9 (RLIN) 860
Personal name Dibble, A. Jerry
245 ## - TITLE STATEMENT
Title Communication Skills and Strategies
Remainder of title : Guidelines for Managers at Work
Statement of responsibility, etc. / by: College Division South-Western Publishing Co.
260 ## - PUBLICATION, DISTRIBUTION, ETC.
Place of publication, distribution, etc. Cincinnati, Ohio
Name of publisher, distributor, etc. College Division South-Western Publishing Co.
Date of publication, distribution, etc. 1994
300 ## - PHYSICAL DESCRIPTION
Extent 131 p.
Other physical details ill.
650 #0 - SUBJECT ADDED ENTRY--TOPICAL TERM
9 (RLIN) 324
Topical term or geographic name entry element Management
653 ## - INDEX TERM--UNCONTROLLED
Uncontrolled term მართვა
700 ## - ADDED ENTRY--PERSONAL NAME
9 (RLIN) 861
Personal name Langford, Y. Beverly
942 ## - ADDED ENTRY ELEMENTS (KOHA)
Source of classification or shelving scheme
Koha item type Books
Holdings
Withdrawn status Lost status Source of classification or shelving scheme Damaged status Not for loan Permanent location Current location Date acquired Inventory number Total Checkouts Full call number Barcode Date last seen Price effective from Koha item type
          Ken Walker International University Ken Walker International University 02/15/2021 238   005 D-53 238 02/15/2021 02/15/2021 Books

Powered by Koha